Oscars Best Picture - Statistics

General Stats
  • This quiz has been taken 4,050 times
    247 since last reset
  • The average score is 52 of 98
Answer Stats
Year Movie % Correct
2016 Moonlight
85%
2022 Everything Everywhere All at Once
81%
2023 Oppenheimer
81%
2025 One Battle After Another
80%
1972 The Godfather
79%
1997 Titanic
76%
2024 Anora
75%
2019 Parasite
75%
2003 The Lord of the Rings: The Return of the King
74%
1994 Forrest Gump
72%
2018 Green Book
72%
2000 Gladiator
71%
1993 Schindler's List
70%
1974 The Godfather Part II
69%
2017 The Shape of Water
69%
2021 CODA
67%
2020 Nomadland
67%
2005 Crash
66%
1939 Gone with the Wind
66%
1998 Shakespeare in Love
64%
2015 Spotlight
64%
2002 Chicago
63%
2006 The Departed
63%
2013 12 Year's a Slave
62%
1959 Ben-Hur
62%
2012 Argo
61%
2008 Slumdog Millionaire
61%
2009 The Hurt Locker
61%
2010 The King's Speech
61%
1991 The Silence of the Lambs
61%
1999 American Beauty
60%
2014 Birdman (or the Unexpected Virtue of Ignorance)
60%
1943 Casablanca
60%
2007 No Country for Old Men
60%
2011 The Artist
60%
2001 A Beautiful Mind
59%
1979 Kramer Vs. Kramer
58%
2004 Million Dollar Baby
57%
1989 Driving Miss Daisy
56%
1975 One Flew Over the Cuckoo's Nest
56%
1986 Platoon
56%
1965 The Sound of Music
56%
1995 Braveheart
55%
1988 Rain Man
55%
1996 The English Patient
55%
1970 Patton
54%
1990 Dances With Wolves
53%
1992 Unforgiven
53%
1927/28 Wings
53%
1962 Lawrence of Arabia
52%
1985 Out of Africa
52%
1976 Rocky
52%
1984 Amadeus
50%
1977 Annie Hall
50%
1982 Gandhi
50%
1964 My Fair Lady
50%
1973 The Sting
50%
1954 On the Waterfront
49%
1987 The Last Emperor
48%
1961 West Side Story
48%
1948 Hamlet
47%
1981 Chariots of Fire
46%
1978 The Deer Hunter
46%
1934 It Happened One Night
45%
1960 The Apartment
45%
1957 The Bridge on the River Kwai
45%
1971 The French Connection
45%
1929/30 All Quiet on the Western Front
44%
1958 Gigi
44%
1980 Ordinary People
44%
1983 Terms of Endearment
44%
1940 Rebecca
43%
1950 All About Eve
42%
1967 In the Heat of the Night
42%
1968 Oliver!
42%
1941 How Green Was My Valley
40%
1955 Marty
40%
1969 Midnight Cowboy
40%
1951 An American in Paris
39%
1956 Around the World in 80 Days
36%
1932/33 Cavalcade
36%
1930/31 Cimarron
36%
1942 Mrs. Miniver
36%
1946 The Best Years of Our Lives
36%
1952 The Greatest Show on Earth
36%
1937 The Life of Emile Zola
36%
1966 A Man for all Seasons
35%
1953 From Here to Eternity
35%
1928/29 The Broadway Melody
35%
1935 Mutiny on the Bounty
34%
1931/32 Grand Hotel
33%
1936 The Great Ziegfeld
33%
1963 Tom Jones
33%
1949 All the King's Men
32%
1944 Going My Way
31%
1945 The Lost Weekend
29%
1938 You Can't Take It with You
29%
1947 Gentleman's Agreement
27%
No matching quizzes found
Score Distribution
Percent of People with Each Score
Percentile by Number Answered
Your Score History
You have not taken this quiz since the last reset